| 000 | 01032cam a2200205 4500 | ||
|---|---|---|---|
| 001 | X103258 | ||
| 008 | 000000n1999 000 0 eng u | ||
| 035 | _a(Sirsi) u103258 | ||
| 245 | _aTime Limits | ||
| 260 | _c1999 | ||
| 490 |
_aEstates Gazette Case Summaries _v[1999] EGCS 146(1) |
||
| 520 | _aRiordan Communications Ltd v South Buckinhamshire District Council. QBD 2 December 1999. The claimants (R) were granted planning permission for a development which was subject to a time limit of five years. Work started just before the deadline, however it was then suspended and did not resume for four years. The work then stopped again and the defendant (SB) claimed that the planning permission had lapsed because R lacked the intention to complete the development. "Held" claim allowed. | ||
| 650 | _aPLANNING PERMISSION | ||
| 650 | _aTIME LIMITS | ||
| 650 | _aRIORDAN COMMUNICATIONS LTD V SOUTH BUCKINGHAMSHIRE DC | ||
| 650 | _aDEVELOPMENT | ||
| 650 | _aINTENTION | ||
| 690 | _aPLANNING LAW AND PRACTICE | ||
| 942 | _n0 | ||
| 999 |
_c62054 _d62054 |
||